| 000 | 00517ngm a2200193 i 4500 | ||
|---|---|---|---|
| 999 |
_c167414 _d167414 |
||
| 001 | C2-0324687 | ||
| 003 | PPAK | ||
| 005 | 20180727221851.0 | ||
| 008 | 131217s2012 my |||| ||||| | vlmay d | ||
| 040 |
_aPPAK _beng _cPPAK _erda |
||
| 245 | 0 | 0 |
_aMantera _bmanusia jentera |
| 264 | 1 |
_aKuala Lumpur : _bK & L Entertainment , _c2012 |
|
| 336 |
_2rdacontent _atext |
||
| 337 |
_2rdamedia _aunmediated |
||
| 338 |
_2rdacarrier _avolume |
||
| 500 | _aMalay and English subtitles | ||
| 700 | _eauthor | ||
| 942 |
_cDVD _2ddc |
||